Inteligencia: herencia y ambiente
Bewaard in:
| Hoofdauteur: | |
|---|---|
| Formaat: | Boek |
| Taal: | Spaans |
| Gepubliceerd in: |
Ciudad de México
El Manual Moderno
1982
|
| Reeks: | PC48
|
| Onderwerpen: | |
| Tags: |
Voeg label toe
Geen labels, Wees de eerste die dit record labelt!
|
MARC
| LEADER | 00000nam a2200000 a 4500 | ||
|---|---|---|---|
| 001 | UCY6485 | ||
| 003 | CL-VaPUC | ||
| 008 | 950526e19820000MX |||||||||||||||||spa|d | ||
| 082 | 0 | 4 | |a 153.9 |b VER |2 21 |
| 100 | 0 | |a Vernon, Philip E |e author |9 336430 | |
| 245 | 1 | 0 | |a Inteligencia: herencia y ambiente |
| 300 | |a 397 p | ||
| 942 | |c BK | ||
| 945 | |d 19950526 00:00:00 |a cmena | ||
| 260 | |a Ciudad de México |b El Manual Moderno |c 1982 | ||
| 650 | 0 | |a Psicología |9 257863 | |
| 650 | 0 | |a Inteligencia |9 267038 | |
| 650 | 7 | |a PSICOLOGIA GENETICA |2 CL-VaPUC |9 308771 | |
| 650 | 0 | |a Medio ambiente |9 257625 | |
| 650 | 0 | |a Pruebas de inteligencia |9 307461 | |
| 650 | 0 | |a Niños |9 255605 | |
| 650 | 0 | |a Psicología individual |9 309049 | |
| 650 | 0 | |a Educación |9 258661 | |
| 650 | 0 | |a Desarrollo mental |9 313003 | |
| 650 | 7 | |a NIÑOS SOCIALMENTE DESFAVORECIDOS |2 CL-VaPUC |9 323883 | |
| 650 | 0 | |a Problemas sociales |9 258537 | |
| 650 | 7 | |a GRUPOS ETNICOS |2 CL-VaPUC |9 324200 | |
| 650 | 7 | |a RAZA |2 CL-VaPUC |9 336408 | |
| 650 | 7 | |a GRUPOS RACIALES |2 CL-VaPUC |9 324199 | |
| 583 | |a last modification |c 19950526 00:00:00 |k Rodrigo Vera | ||
| 490 | 0 | |a PC48 | |
| 999 | |c 234050 |d 234048 | ||
| 952 | |0 0 |1 0 |4 0 |6 153_900000000000000_VER_1982 |7 0 |8 P |9 239999 |a BIBEDU |b BIBEDU |c BIBEDU_PB |d 2019-11-18 |i 1510479 |o 153.9 VER 1982 |p 1510479 |r 2024-01-25 |w 2019-11-18 |y BK |k EDU | ||